• 首页
  • 本馆介绍
  • 公告通知
  • 最新文献
  • 馆藏检索
  • 电子资源
  • 读者导购
  • 参考咨询
  • 我的图书馆
  • 登录
  • 详细信息显示
  • 放入我的书架
  • 预约/预借图书
  • 作者相关作品
  • 分类相关作品
  • 丛书相关作品
  • 出版社相关作品

书目信息

  • 表格格式
  • 工作单格式
  • 卡片格式
题名:
高等学校精品课程建设
    
 
作者: 李涛 主编
分册:  
出版信息: 哈尔滨   哈尔滨工程大学出版社  2007
页数: 386页
开本: 24cm
丛书名:
单 册:
中图分类: G642.304 , G642.3
科图分类:
主题词: 高等学校 , 课程 , 高等学校--课程--教学研究--哈尔滨市 , 教学研究
电子资源:
ISBN: 7-81073-889-5
000 00972nam0 2200277 450
001 07079000421
005 20070721164356.84
010    @a7-81073-889-5@dCNY59.00
100    @a20070124d2007 em y0chiy0110 ea
101 0  @achi
102    @aCN@b230000
105    @ay z 000yy
200 1  @a高等学校精品课程建设@Agao deng xue xiao jing pin ke cheng jian she@f李涛主编
210    @a哈尔滨@c哈尔滨工程大学出版社@d2007
215    @a386页@d24cm
300    @a教育部本科教学工作水平评优优秀示范读物
330    @a本书共分为六部分,分别介绍了哈尔滨工程大学自2003年以来国家级、省级和校级精品课程的建设情况,分别介绍了各门课程建设的目标、规划、采取的主要措施、课程梯队建设、课程的教学内容和体系改革等。
606 0  @a高等学校
606 0  @a课程
606 0  @a高等学校@x课程@x教学研究@y哈尔滨市
606 0  @a教学研究
690    @aG642.304@v4
690    @aG642.3@v3
701  0 @a李涛@Ali tao@c(高等教育)@4主编
801  0 @aCN@bNLC@c20070721
905    @a10447@dG642.3@e397
    
    高等学校精品课程建设/李涛主编.-哈尔滨:哈尔滨工程大学出版社,2007
    386页;24cm
    教育部本科教学工作水平评优优秀示范读物
    
    ISBN 7-81073-889-5:CNY59.00
    本书共分为六部分,分别介绍了哈尔滨工程大学自2003年以来国家级、省级和校级精品课程的建设情况,分别介绍了各门课程建设的目标、规划、采取的主要措施、课程梯队建设、课程的教学内容和体系改革等。
●
相关链接 在E读中查询图书 在五车中查询图书 在当当中查询图书 在豆瓣中查询图书


正题名:高等学校精品课程建设     索取号:G642.3/397         预约/预借

序号 登录号 条形码 馆藏地/架位号 状态 备注
1 0822606   208226061   第一样本阅览室/ [索取号:G642.3/397] 在馆    
2 0822607   208226070   第四借阅区/ [索取号:G642.3/397] 在馆    
3 0822608   208226089   第四借阅区/ [索取号:G642.3/397] 在馆    
4 0822609   208226098   第四借阅区/ [索取号:G642.3/397] 在馆    
5 0822610   208226105   第四借阅区/ [索取号:G642.3/397] 在馆    
唐山师范学院图书馆 欢迎您!
大连网信软件有限公司© 版权所有